000 01116nam a2200325 i 4500
003 EG-GICUC
005 20260121101516.0
008 251217s1965 fr ||||fr|||| 001 0 fre d
040 _aEG-GiCUC
_bfre
_cEG-GiCUC
_dEG-GiCUC
_eRda
041 _afre
082 0 4 _221
_a341.84
_bHU . C
092 0 4 _221
099 _aLaw1 12 341.84 HU . C 1965
100 1 _aHuet, André,
_eAuteur
245 1 4 _aLes Conflits De Lois en Matière De Preuve /
_cpar André Huet ; Preface de Roger Perrot.
264 1 _aParis :
_bDalloz,
_c1965.
300 _a395 pages ;
_c 24 cm.
336 _2rda contenu
_a texte
337 _2rda medias
_aOrdinateur
338 _2 transporteur rda
_a Ressource en ligne
490 0 _aBibliothèque de droit international ;
_vno.6.
504 _aInclude Bibliography: pages 375-382. And Bibliographic references.
546 _aTexte en français
650 1 4 _aConflit de lois
_xDroit international privé
651 1 _2qrmak
700 1 _aPerrot, Roger ,
_ePréfacier
856 4 0 _uhttps://fll.law.cu.edu.eg/fulltext/bks/B12-01390.pdf
905 _a75
_eHassnaa
942 _2ddc
_n0
_cBK
_e21
999 _c51147
_d51147